Futbol abecedario - Estadísticas

Estadísticas generales
  • Esta prueba ha sido intentada 280 veces
    240 desde el último reinicio
  • La puntuación promedio es 21 de 26
Estadísticas de respuestas
Letra Pista Respuesta % Correcto
B Equipo español donde jugó Messi. Barcelona
100%
D Exugador inglés que pasó por el Real Madrid, Manchester United, PSG, LA Galaxy, entre otros. (Nombre de pila) David
91%
A Nombre de pila de Christensen. Andreas
90%
I Delantero sueco del Newcastle. Isak
88%
S Nombre de pila de Busquets. Sergio
88%
C Apodo de Javier Hernández. Chicharito
87%
G Mediocampista alemán que jugo en el Borussia Dortmund,Manchester City y FC Barcelona. Gundogan
87%
Z Exjugador francés. Ya sabes quien es. Zinedine Zidane
87%
H Director técnico del FC Barcelona. (Nombre de pila) Hansi
86%
Q Exjugador portugués conocido por su golpeo con exterior. Quaresma
86%
F Considerado el mejor jugador alemán de la historia y el mejor defensor que ha existido. (Nombre de pila) Franz
85%
N Lateral portugués del PSG. (Nombre de pila) Nuno Mendes
85%
R El fenómeno. Ronaldo
85%
V Portero legendario del FC Barcelona. Victor Valdes
85%
J La veccia signora. Juventus
84%
K Extremo georgiano del PSG. Kvicha Kvaratskhelia
84%
U Portero del Athletic Blilbao. Unai Simon
84%
T Lateral derecho inglés, campeón de Premier y Champions Leaguecon el Liverpool. (Nombre de pila) Trent Alexander-Arnold
83%
M Estadio del Valencia. Mestalla
80%
O Futbolista brasileño que marcó el único gol de Brasil en el1-7 contra Alemania. Oscar
77%
W Equipo alemán. Viste de verde. Wolfsburgo
74%
Y Uno de los equipos mas grandes de Suiza. Visten de amarillo. Young Boys
74%
E Mediocampista japonés que juega en el Liverpool. Endo
72%
P Mediocampista argentino de la Roma. Paredes
71%
L Brian y Michael _______. Laudrup
55%
X Apodo que recibe el Tijuana de México. Xolos
46%
No se encontraron pruebas coincidentes
Distribución de puntuación
Porcentaje de gente con cada puntuación
Porcentaje por número respondido
Historial de tus puntuaciones
No has intentado esta prueba desde el último reinicio